[Event "RUS-chT Rapid Men 2018"]
[Site "Sochi"]
[Date "2018.10.09"]
[Round "7"]
[White "Pogromsky, Mikhail"]
[Black "Kurbedinov, Ramis"]
[Result "0-1"]
[WhiteElo "2415"]
[BlackElo "2305"]
[Annotator "TA"]
[PlyCount "138"]
[EventDate "2018.10.05"]
[EventType "swiss"]
[EventCountry "RUS"]
[SourceTitle "playchess.com"]
[Source "ChessBase"]
[SourceQuality "1"]

{[%evp 11,138,0,25,21,33,22,31,13,22,8,11,5,42,4,47,44,61,70,65,67,105,102,94,89,106,78,75,54,75,71,67,59,95,81,102,81,74,50,107,39,104,58,95,92,85,52,103,107,89,107,195,83,76,67,81,41,33,-7,0,0,0,-88,355,-68,-58,-60,-52,-500,-501,-578,-522,-785,-779,-1133,-545,-547,-438,-441,-439,-420,-416,-402,-318,-356,-363,-321,-321,-470,-470,-724,-721,-738,-714,-824,-794,-1331,-579,-1102,-1111,-1603,-1603,-1603,-1595,-1588,-1588,-1588,-902,-7619,-7612,-7612,-7539,-7477,-7477,-29964,-29968,-29971,-29968,-11917,-9972,-6969,-6735,-5781,-1932,-29982,-29983,-29983,-29984,-29984,-29984]} 1. Nf3 Nf6 2. c4 d6 3. d4 g6 4. Nc3 Bg7 5. h3 O-O 6. Bg5 c6 7. e3 {E61: King's Indian: Early deviations for White, including Smyslov System} a6 8. Be2 b5 9. a3 {White is slightly better.} h6 10. Bh4 Nbd7 11. O-O Rb8 12. b4 $146 ({Predecessor:} 12. Qc2 Bb7 13. Rad1 Qc7 14. Bg3 bxc4 15. Bxc4 {0-1 (37) Arizmendi Martinez,J (2559)-Castro,J (2252) La Massana 2012}) 12... Nb6 13. c5 $36 {[%mdl 2048] White has some pressure.} dxc5 14. bxc5 Nbd5 15. Nxd5 Nxd5 16. Bd3 Be6 17. Bg3 Rc8 18. Qc2 a5 19. e4 Nf6 20. Be5 a4 21. Qc3 Qd7 22. Rfe1 Rfd8 23. Rad1 Bb3 24. Rc1 Be6 (24... Nh5 $14) 25. Qa5 (25. Bc2 $16) 25... Qb7 (25... Bxh3 $14 26. gxh3 Qxh3) 26. Rb1 Nd7 27. Bxg7 Kxg7 28. Qc3 {Threatens to win with d5+.} Kh7 (28... Bb3 $14) 29. Bc2 $16 Qc7 30. Rbd1 Qf4 (30... Nf8 $16 {is a better defense.}) 31. g3 (31. d5 $18 cxd5 32. exd5 Rxc5 33. Qa5 Bxh3 34. Bxg6+ $1 {[%mdl 512]} (34. Qxd8 Qg4 $16) (34. Rxe7 $2 Bxg2 35. Ne1 Bf3 $19) 34... Kxg6 35. Qxd8) 31... Qf6 32. Kg2 Bc4 33. e5 Qe6 34. Re4 Kg7 35. h4 Nf8 36. Rf4 (36. Kh2 $11 {keeps the balance.}) 36... Qd7 $2 {[%mdl 8192] [#]} (36... Bb3 $17 {keeps the pressure on.}) 37. h5 $2 ({White has to play} 37. e6 $1 $18 {[%mdl 512]} fxe6 (37... Bxe6 38. d5+) 38. Ne5) 37... Ne6 $15 38. Rg4 {[%cal Rh5g6]} Bd5 39. hxg6 $2 {[%mdl 8192]} (39. Bf5 $1 $15) 39... Ng5 $1 $19 40. Rf4 fxg6 ({Less strong is} 40... Nxf3 41. Rxf3 fxg6 42. Kg1 $17) 41. Qd3 Qe6 ({Not} 41... Bxf3+ 42. Rxf3 Qh3+ 43. Kg1 $17) 42. Re1 Nxf3 (42... Rf8 $142 {( -> ...Qh3+)} 43. Rxf8 Qh3+ 44. Kg1 Rxf8 45. Qxg6+ Kh8 46. Qh7+ Nxh7) 43. Rxf3 Rf8 44. Bd1 Qf5 {Hoping for ...Qxd3.} 45. Ree3 Qxd3 46. Rxd3 Rf5 {White must now prevent ...Rcf8.} 47. g4 Bxf3+ 48. Bxf3 {[%mdl 4096] Endgame KRR-KRB} Rf4 49. Kg3 (49. Kf1 $142) 49... g5 50. d5 (50. Kg2 $142 Rd8 51. Bxc6) 50... cxd5 51. Rxd5 Rcf8 52. Rd3 b4 {aiming for ...Rxf3+!} 53. axb4 {[#]} Rxb4 (53... Rxf3+ $142 $1 {[%mdl 512]} 54. Rxf3 Rxf3+ 55. Kxf3 Kf7) 54. Bd5 Rd8 55. c6 Rb3 56. Rxb3 axb3 {KR-KB} 57. c7 Rc8 58. Bxb3 Rxc7 59. f3 Rc5 60. e6 Kf6 61. Ba2 Ke5 62. Bb3 Rc1 63. Ba2 Rg1+ 64. Kf2 Ra1 65. Bc4 Kf4 66. Bd5 Rd1 (66... Ra3 $142 67. Ke2 Ra5) 67. Bb3 Rd2+ {Black mates.} 68. Ke1 Ke3 69. Kf1 Kxf3 {Precision: White = 36%, Black = 53%.} 0-1

[Event "RUS-chT Rapid Men 2018"]
[Site "Sochi"]
[Date "2018.10.09"]
[Round "7"]
[White "Nechaev, Oleg"]
[Black "Taysayev, Timur"]
[Result "0-1"]
[WhiteElo "2400"]
[BlackElo "2225"]
[Annotator "NA RC"]
[PlyCount "92"]
[EventDate "2018.10.05"]
[EventType "swiss"]
[EventCountry "RUS"]
[SourceTitle "playchess.com"]
[Source "ChessBase"]
[SourceQuality "1"]
[TimeControl "900+10"]

1. d4 {[%emt 0:00:00]} Nf6 {[%emt 0:00:00]} 2. c4 {[%emt 0:00:01]} e6 {[%emt 0:00:14]} 3. Nf3 {[%emt 0:00:07]} d5 {[%emt 0:00:22]} 4. Nc3 {[%emt 0:00:06]} c6 {[%emt 0:00:02]} 5. cxd5 {[%emt 0:00:12]} cxd5 {[%emt 0:00:07]} 6. Bg5 {[%emt 0:00:10]} Be7 {[%emt 0:00:29]} 7. e3 {[%emt 0:00:04]} Ne4 {[%emt 0:00:11]} 8. Nxe4 {[%emt 0:02:03]} dxe4 {[%emt 0:00:03]} 9. Bxe7 Qxe7 {[%emt 0:00:16]} 10. Nd2 {[%emt 0:01:48]} f5 {[%emt 0:00:14]} 11. Qh5+ {[%emt 0:04:09]} g6 {[%emt 0:01:06]} 12. Qh6 {[%emt 0:00:15]} Bd7 {[%emt 0:00:41]} 13. Be2 {[%emt 0:01:13]} Nc6 {[%emt 0:00:39]} 14. O-O {[%emt 0:00:03]} O-O-O {[%emt 0:00:53]} 15. Rfc1 {[%emt 0:00:08]} Kb8 {[%emt 0:00:29]} 16. Nb3 {[%emt 0:02:31]} e5 {[%emt 0:00:59]} 17. dxe5 {[%emt 0:01:38]} Qxe5 {[%emt 0:00:14]} 18. Nc5 {[%emt 0:01:36]} Bc8 {[%emt 0:00:03]} 19. Bb5 {[%emt 0:00:47]} Nb4 {[%emt 0:01:17]} 20. a3 {[%emt 0:00:19]} Nd3 {[%emt 0:00:45]} 21. Bxd3 {[%emt 0:01:02]} exd3 {[%emt 0:00:03]} 22. Qf4 {[%emt 0:00:17]} Qxf4 {[%emt 0:00:18]} 23. exf4 {[%emt 0:00:00]} b6 {[%emt 0:02:18]} 24. Nb3 {[%emt 0:00:02]} Rhe8 {[%emt 0:01:11]} 25. Rd1 {[%emt 0:00:14]} Re2 {[%emt 0:00:07]} 26. Nd2 {[%emt 0:00:10]} Ba6 {[%emt 0:00:16]} 27. Rac1 {[%emt 0:00:09]} Rc8 {[%emt 0:00:37]} 28. Rxc8+ {[%emt 0:00:04]} Kxc8 {[%emt 0:00:01]} 29. b3 {[%emt 0:00:02]} Kc7 {[%emt 0:00:11]} 30. Kf1 {[%emt 0:00:09]} Kc6 {[%emt 0:00:19]} 31. Nc4 {[%emt 0:00:11]} Rc2 {[%emt 0:01:03]} 32. Ke1 {[%emt 0:00:26]} Rc3 {[%emt 0:00:38]} 33. Nd2 {[%emt 0:00:03]} Kd5 {[%emt 0:00:15]} 34. Rb1 {[%emt 0:00:27]} Kd4 {[%emt 0:00:19]} 35. Kd1 {[%emt 0:00:01]} Bb7 {[%emt 0:00:17]} 36. g3 {[%emt 0:00:05]} Bd5 {[%emt 0:00:08]} 37. Rb2 {[%emt 0:00:08]} a5 {[%emt 0:00:11]} 38. Rb1 {[%emt 0:00:00]} b5 {[%emt 0:00:05]} 39. Rb2 {[%emt 0:00:01]} Be4 {[%emt 0:00:36]} 40. Rb1 {[%emt 0:00:06]} Rc2 {[%emt 0:00:01]} 41. Rc1 {[%emt 0:00:24]} Kc3 {[%emt 0:00:13]} 42. Nxe4+ {[%emt 0:00:10]} fxe4 {[%emt 0:00:03]} 43. Rxc2+ {[%emt 0:00:01]} dxc2+ {[%emt 0:00:02]} 44. Kc1 {[%emt 0:00:00]} Kxb3 {[%emt 0:00:04]} 45. g4 {[%emt 0:00:01]} b4 {[%emt 0:00:02]} 46. a4 {[%emt 0:00:06]} Kc3 {[%emt 0:00:01]} 0-1

[Event "RUS-chT Rapid Men 2018"]
[Site "Sochi"]
[Date "2018.10.09"]
[Round "7"]
[White "Tenikashvili, Georgij"]
[Black "Rozhko, Dmitry"]
[Result "1-0"]
[WhiteElo "2361"]
[BlackElo "2305"]
[Annotator "NA"]
[PlyCount "49"]
[EventDate "2018.10.05"]
[EventType "swiss"]
[EventCountry "RUS"]
[SourceTitle "playchess.com"]
[Source "ChessBase"]
[SourceQuality "1"]
[TimeControl "900+10"]

1. d4 {[%emt 0:00:00]} d5 {[%emt 0:00:00]} 2. c4 {[%emt 0:00:00]} c6 {[%emt 0:00:00]} 3. Nc3 {[%emt 0:00:00]} Nf6 {[%emt 0:00:00]} 4. Nf3 {[%emt 0:00:00]} a6 {[%emt 0:00:00]} 5. cxd5 {[%emt 0:00:04]} cxd5 {[%emt 0:00:00]} 6. Bf4 {[%emt 0:00:02]} Nc6 {[%emt 0:00:04]} 7. e3 {[%emt 0:00:02]} Bf5 {[%emt 0:00:48]} 8. Be2 {[%emt 0:00:56]} e6 {[%emt 0:00:11]} 9. O-O {[%emt 0:00:05]} Bb4 {[%emt 0:01:18]} 10. Nd2 {[%emt 0:01:34]} O-O {[%emt 0:00:14]} 11. Nb3 {[%emt 0:01:37]} Rc8 12. Rc1 {[%emt 0:01:41]} Nd7 {[%emt 0:03:12]} 13. a3 {[%emt 0:02:01]} Be7 {[%emt 0:00:28]} 14. Na4 {[%emt 0:00:50]} b5 {[%emt 0:04:17]} 15. Nac5 {[%emt 0:00:22]} Nxc5 {[%emt 0:00:08]} 16. Nxc5 {[%emt 0:00:22]} Bxc5 {[%emt 0:01:56]} 17. Rxc5 {[%emt 0:00:34]} Na5 {[%emt 0:00:39]} 18. a4 {[%emt 0:01:12]} Qb6 {[%emt 0:02:47]} 19. axb5 {[%emt 0:01:09]} Rxc5 {[%emt 0:00:52]} 20. dxc5 {[%emt 0:00:04]} Qxc5 {[%emt 0:00:02]} 21. bxa6 {[%emt 0:00:12]} Qb6 {[%emt 0:00:24]} 22. Qa4 {[%emt 0:00:51]} Nc4 {[%emt 0:00:30]} 23. a7 {[%emt 0:01:23]} Ra8 {[%emt 0:00:12]} 24. Bb8 {[%emt 0:00:31]} Nxb2 {[%emt 0:00:09]} 25. Qe8# 1-0

[Event "RUS-chT Rapid Men 2018"]
[Site "Sochi"]
[Date "2018.10.09"]
[Round "7"]
[White "Dilmukhametov, Artur"]
[Black "Jary, Sergey"]
[Result "1/2-1/2"]
[WhiteElo "2353"]
[BlackElo "2286"]
[Annotator "NA"]
[PlyCount "54"]
[EventDate "2018.10.05"]
[EventType "swiss"]
[EventCountry "RUS"]
[SourceTitle "playchess.com"]
[Source "ChessBase"]
[SourceQuality "1"]
[TimeControl "900+10"]

1. d4 {[%emt 0:00:00]} Nf6 {[%emt 0:00:00]} 2. Nc3 {[%emt 0:00:00]} d5 {[%emt 0:00:00]} 3. Bf4 {[%emt 0:00:00]} e6 {[%emt 0:00:05]} 4. e3 {[%emt 0:00:00]} Bd6 {[%emt 0:00:05]} 5. Qf3 {[%emt 0:00:03]} a6 {[%emt 0:00:25]} 6. g4 {[%emt 0:00:12]} Bxf4 {[%emt 0:00:19]} 7. Qxf4 {[%emt 0:00:03]} Qd6 {[%emt 0:00:02]} 8. Qf3 {[%emt 0:00:04]} h6 {[%emt 0:00:13]} 9. h4 {[%emt 0:00:25]} Nc6 {[%emt 0:00:32]} 10. g5 {[%emt 0:00:59]} hxg5 {[%emt 0:00:22]} 11. hxg5 {[%emt 0:00:03]} Rxh1 {[%emt 0:00:03]} 12. Qxh1 {[%emt 0:00:02]} Ng8 {[%emt 0:00:01]} 13. O-O-O {[%emt 0:01:56]} Bd7 {[%emt 0:00:03]} 14. Qh7 {[%emt 0:01:37]} Qf8 {[%emt 0:00:27]} 15. Nge2 {[%emt 0:04:01]} O-O-O {[%emt 0:00:08]} 16. Nf4 {[%emt 0:00:09]} Nge7 {[%emt 0:00:53]} 17. a3 {[%emt 0:02:06]} Qh8 {[%emt 0:00:32]} 18. Qxh8 {[%emt 0:02:15]} Rxh8 {[%emt 0:00:02]} 19. Bg2 {[%emt 0:00:01]} Nf5 {[%emt 0:00:30]} 20. Rh1 {[%emt 0:01:27]} Rxh1+ {[%emt 0:00:23]} 21. Bxh1 {[%emt 0:00:00]} Kd8 {[%emt 0:00:08]} 22. Kd2 {[%emt 0:00:30]} Ke7 {[%emt 0:00:03]} 23. Nd3 {[%emt 0:00:16]} b6 {[%emt 0:00:19]} 24. Bf3 {[%emt 0:00:04]} f6 {[%emt 0:00:04]} 25. gxf6+ {[%emt 0:00:04]} gxf6 {[%emt 0:00:01]} 26. Bg4 {[%emt 0:00:14]} Ng7 {[%emt 0:00:08]} 27. Nf4 {[%emt 0:00:03]} Kd6 {[%emt 0:00:10]} 1/2-1/2

[Event "RUS-chT Rapid Men 2018"]
[Site "Sochi"]
[Date "2018.10.09"]
[Round "7"]
[White "Derjabin, Ilja"]
[Black "Inozemtsev, Sergei"]
[Result "0-1"]
[WhiteElo "2345"]
[BlackElo "2310"]
[Annotator "NA"]
[PlyCount "96"]
[EventDate "2018.10.05"]
[EventType "swiss"]
[EventCountry "RUS"]
[SourceTitle "playchess.com"]
[Source "ChessBase"]
[SourceQuality "1"]
[TimeControl "900+10"]

1. d4 {[%emt 0:00:00]} e6 {[%emt 0:00:00]} 2. c4 {[%emt 0:00:00]} Nf6 {[%emt 0:00:00]} 3. Nc3 {[%emt 0:00:00]} Bb4 {[%emt 0:00:00]} 4. f3 {[%emt 0:00:00]} d5 {[%emt 0:00:46]} 5. a3 {[%emt 0:00:00]} Be7 {[%emt 0:00:30]} 6. e4 {[%emt 0:00:00]} dxe4 {[%emt 0:00:06]} 7. fxe4 {[%emt 0:00:01]} e5 {[%emt 0:00:02]} 8. d5 {[%emt 0:00:01]} O-O {[%emt 0:00:05]} 9. Nf3 {[%emt 0:00:04]} Bg4 {[%emt 0:00:21]} 10. h3 {[%emt 0:00:05]} Bh5 {[%emt 0:00:30]} 11. g4 {[%emt 0:01:15]} Bg6 {[%emt 0:00:00]} 12. Bd3 {[%emt 0:00:01]} Nbd7 {[%emt 0:00:15]} 13. Qe2 {[%emt 0:01:15]} c6 {[%emt 0:05:32]} 14. O-O {[%emt 0:03:38]} cxd5 {[%emt 0:02:03]} 15. cxd5 {[%emt 0:00:02]} Ne8 {[%emt 0:00:05]} 16. Kg2 {[%emt 0:00:35]} Nd6 {[%emt 0:00:39]} 17. Be3 {[%emt 0:00:13]} a6 {[%emt 0:00:30]} 18. Rac1 {[%emt 0:00:05]} h5 {[%emt 0:00:39]} 19. Rg1 {[%emt 0:00:52]} Rc8 {[%emt 0:00:25]} 20. Rcf1 {[%emt 0:00:27]} hxg4 {[%emt 0:00:09]} 21. hxg4 {[%emt 0:00:01]} b5 {[%emt 0:00:10]} 22. Rh1 {[%emt 0:00:23]} Nc4 {[%emt 0:00:28]} 23. Bc1 {[%emt 0:00:26]} Nxa3 {[%emt 0:00:14]} 24. Kg3 {[%emt 0:00:06]} Nf6 {[%emt 0:00:45]} 25. d6 {[%emt 0:01:21]} Qxd6 {[%emt 0:00:31]} 26. Qh2 {[%emt 0:00:44]} Nh7 {[%emt 0:00:11]} 27. Nd5 {[%emt 0:00:05]} Nc4 {[%emt 0:00:41]} 28. Bg5 {[%emt 0:02:44]} f6 {[%emt 0:01:29]} 29. Nh4 {[%emt 0:00:11]} Qxd5 {[%emt 0:00:18]} 30. exd5 {[%emt 0:00:08]} Bxd3 {[%emt 0:00:01]} 31. Nf5 {[%emt 0:01:20]} Bxf5 {[%emt 0:00:17]} 32. Rxf5 {[%emt 0:00:03]} Nxg5 {[%emt 0:00:26]} 33. Rxg5 {[%emt 0:00:11]} fxg5 {[%emt 0:00:13]} 34. Qh7+ {[%emt 0:00:13]} Kf7 {[%emt 0:00:06]} 35. Qf5+ {[%emt 0:00:02]} Bf6 {[%emt 0:00:43]} 36. Qd7+ {[%emt 0:00:13]} Kg6 {[%emt 0:00:11]} 37. Rc1 {[%emt 0:01:37]} Rce8 {[%emt 0:00:32]} 38. b3 {[%emt 0:00:17]} Ne3 {[%emt 0:00:26]} 39. d6 {[%emt 0:00:19]} e4 {[%emt 0:00:11]} 40. Rc5 {[%emt 0:01:07]} Be5+ {[%emt 0:00:31]} 41. Rxe5 {[%emt 0:00:02]} Rxe5 {[%emt 0:00:02]} 42. Qc6 {[%emt 0:00:06]} Rf3+ {[%emt 0:00:18]} 43. Kh2 {[%emt 0:00:03]} Nxg4+ {[%emt 0:00:05]} 44. Kg2 {[%emt 0:00:01]} Nf6 {[%emt 0:00:05]} 45. d7 {[%emt 0:00:07]} Rd3 {[%emt 0:00:06]} 46. Qc7 {[%emt 0:00:36]} Red5 {[%emt 0:00:03]} 47. b4 {[%emt 0:00:04]} Rxd7 {[%emt 0:00:02]} 48. Qb8 {[%emt 0:00:02]} Rc3 {[%emt 0:00:24]} 0-1

[Event "RUS-chT Rapid Men 2018"]
[Site "Sochi"]
[Date "2018.10.09"]
[Round "7"]
[White "Uzhva, Andrey"]
[Black "Rudakov, Sergey S."]
[Result "1-0"]
[WhiteElo "2270"]
[BlackElo "1733"]
[Annotator "NA"]
[PlyCount "101"]
[EventDate "2018.10.05"]
[EventType "swiss"]
[EventCountry "RUS"]
[SourceTitle "playchess.com"]
[Source "ChessBase"]
[SourceQuality "1"]
[TimeControl "900+10"]

1. Nf3 {[%emt 0:00:00]} Nf6 {[%emt 0:00:00]} 2. g3 {[%emt 0:00:00]} g6 {[%emt 0:00:00]} 3. Bg2 {[%emt 0:00:00]} Bg7 {[%emt 0:00:00]} 4. O-O {[%emt 0:00:00]} O-O {[%emt 0:00:00]} 5. c4 {[%emt 0:00:00]} c6 {[%emt 0:00:02]} 6. Nc3 {[%emt 0:00:00]} d5 {[%emt 0:00:01]} 7. cxd5 {[%emt 0:03:44]} cxd5 {[%emt 0:00:07]} 8. d4 {[%emt 0:00:02]} Nc6 {[%emt 0:00:09]} 9. Ne5 {[%emt 0:00:33]} e6 {[%emt 0:01:43]} 10. Nxc6 {[%emt 0:00:45]} bxc6 {[%emt 0:00:08]} 11. Na4 {[%emt 0:01:13]} Nd7 {[%emt 0:00:56]} 12. Bf4 {[%emt 0:00:38]} Ba6 {[%emt 0:01:58]} 13. Rc1 {[%emt 0:01:53]} Rc8 {[%emt 0:01:17]} 14. Qd2 {[%emt 0:00:13]} Re8 {[%emt 0:02:08]} 15. Rc2 {[%emt 0:02:20]} Bb5 {[%emt 0:00:55]} 16. Nc3 {[%emt 0:00:15]} Qb6 {[%emt 0:00:41]} 17. Nxb5 {[%emt 0:00:17]} cxb5 {[%emt 0:00:47]} 18. e3 {[%emt 0:00:02]} Qa6 {[%emt 0:00:21]} 19. Rfc1 {[%emt 0:02:23]} Nb6 {[%emt 0:00:57]} 20. b3 {[%emt 0:00:10]} Bf8 {[%emt 0:00:06]} 21. Bf1 {[%emt 0:00:21]} Ba3 {[%emt 0:01:34]} 22. Rxc8 {[%emt 0:00:02]} Nxc8 {[%emt 0:00:16]} 23. Rc7 {[%emt 0:00:17]} Bd6 {[%emt 0:00:13]} 24. Bxd6 {[%emt 0:00:07]} Nxd6 {[%emt 0:00:29]} 25. Qc2 {[%emt 0:00:28]} Qa3 {[%emt 0:00:36]} 26. Qc5 {[%emt 0:00:49]} Qxc5 {[%emt 0:00:08]} 27. dxc5 {[%emt 0:00:00]} Ne4 {[%emt 0:00:03]} 28. Bxb5 {[%emt 0:00:06]} Rb8 {[%emt 0:00:03]} 29. Bd7 {[%emt 0:00:46]} Kf8 {[%emt 0:00:44]} 30. c6 {[%emt 0:00:13]} Rd8 {[%emt 0:01:04]} 31. Rxa7 {[%emt 0:00:17]} Nd6 {[%emt 0:00:06]} 32. c7 {[%emt 0:00:35]} Rxd7 {[%emt 0:00:01]} 33. c8=Q+ {[%emt 0:00:02]} Nxc8 {[%emt 0:00:01]} 34. Rxd7 {[%emt 0:00:01]} Ke8 {[%emt 0:00:05]} 35. Rb7 {[%emt 0:00:08]} Nd6 {[%emt 0:00:02]} 36. Ra7 {[%emt 0:00:14]} Nb5 {[%emt 0:00:04]} 37. Ra5 {[%emt 0:00:09]} Nd6 {[%emt 0:00:01]} 38. a4 {[%emt 0:00:03]} Kd7 {[%emt 0:00:02]} 39. Rc5 {[%emt 0:00:14]} Ne4 {[%emt 0:00:03]} 40. Rc2 {[%emt 0:00:06]} Nd6 {[%emt 0:00:04]} 41. a5 {[%emt 0:00:05]} Nb5 {[%emt 0:00:01]} 42. a6 {[%emt 0:00:07]} Na7 {[%emt 0:00:01]} 43. b4 {[%emt 0:00:04]} Kd6 {[%emt 0:00:02]} 44. f4 {[%emt 0:00:29]} f5 {[%emt 0:00:01]} 45. Kf2 {[%emt 0:00:01]} h6 {[%emt 0:00:01]} 46. Ke2 {[%emt 0:00:02]} g5 {[%emt 0:00:01]} 47. Kd2 {[%emt 0:00:18]} Nb5 {[%emt 0:00:03]} 48. Rc8 {[%emt 0:00:20]} gxf4 {[%emt 0:00:16]} 49. gxf4 {[%emt 0:00:02]} Kd7 {[%emt 0:00:02]} 50. Rb8 {[%emt 0:00:04]} Nc7 {[%emt 0:00:02]} 51. a7 {[%emt 0:00:04]} 1-0

[Event "RUS-chT Rapid Men 2018"]
[Site "Sochi"]
[Date "2018.10.09"]
[Round "7"]
[White "Kozak, Alexander"]
[Black "Nazaretyan, Tigran"]
[Result "1-0"]
[WhiteElo "2262"]
[BlackElo "2248"]
[Annotator "NA"]
[PlyCount "123"]
[EventDate "2018.10.05"]
[EventType "swiss"]
[EventCountry "RUS"]
[SourceTitle "playchess.com"]
[Source "ChessBase"]
[SourceQuality "1"]
[TimeControl "900+10"]

1. e4 {[%emt 0:00:00]} c5 {[%emt 0:00:00]} 2. c3 {[%emt 0:00:00]} Nf6 {[%emt 0:00:03]} 3. e5 {[%emt 0:00:00]} Nd5 {[%emt 0:00:03]} 4. d4 {[%emt 0:00:00]} cxd4 {[%emt 0:00:03]} 5. Nf3 {[%emt 0:00:00]} Nc6 {[%emt 0:00:05]} 6. Bc4 {[%emt 0:00:00]} Nb6 {[%emt 0:00:02]} 7. Bb3 {[%emt 0:00:00]} d5 {[%emt 0:00:03]} 8. exd6 {[%emt 0:00:00]} Qxd6 {[%emt 0:00:03]} 9. O-O {[%emt 0:00:00]} Be6 {[%emt 0:00:05]} 10. Na3 {[%emt 0:00:01]} Bxb3 {[%emt 0:00:28]} 11. axb3 {[%emt 0:00:01]} e6 {[%emt 0:02:15]} 12. Nb5 {[%emt 0:00:05]} Qd7 {[%emt 0:00:08]} 13. Nfxd4 {[%emt 0:00:02]} Nxd4 {[%emt 0:00:51]} 14. Nxd4 {[%emt 0:00:01]} Be7 {[%emt 0:03:00]} 15. Qe2 {[%emt 0:00:10]} O-O {[%emt 0:00:13]} 16. Rd1 {[%emt 0:00:02]} Rfd8 {[%emt 0:00:13]} 17. Bf4 {[%emt 0:00:35]} Nd5 {[%emt 0:01:06]} 18. Bg3 {[%emt 0:00:16]} Qc8 {[%emt 0:02:17]} 19. h3 {[%emt 0:01:42]} a6 {[%emt 0:00:40]} 20. Rd3 {[%emt 0:01:15]} Bd6 {[%emt 0:01:43]} 21. Bxd6 {[%emt 0:01:50]} Rxd6 {[%emt 0:00:03]} 22. Qe5 {[%emt 0:00:02]} Qd7 {[%emt 0:00:34]} 23. Rad1 {[%emt 0:00:37]} Rd8 {[%emt 0:00:26]} 24. Ne2 {[%emt 0:04:41]} f6 {[%emt 0:00:45]} 25. Qg3 {[%emt 0:00:01]} e5 {[%emt 0:01:09]} 26. c4 {[%emt 0:00:51]} Nc3 {[%emt 0:00:33]} 27. Rxd6 {[%emt 0:00:25]} Nxe2+ {[%emt 0:00:56]} 28. Kh2 {[%emt 0:00:01]} Qxd6 {[%emt 0:00:02]} 29. Rxd6 {[%emt 0:00:05]} Rxd6 {[%emt 0:00:01]} 30. Qf3 {[%emt 0:00:25]} Rd2 {[%emt 0:00:59]} 31. Qxb7 {[%emt 0:00:10]} Nd4 {[%emt 0:00:21]} 32. c5 {[%emt 0:00:34]} Rc2 {[%emt 0:00:12]} 33. Qxa6 {[%emt 0:00:05]} Rxf2 {[%emt 0:00:18]} 34. Qc8+ {[%emt 0:00:26]} Kf7 {[%emt 0:00:11]} 35. Qd7+ {[%emt 0:00:01]} Kg6 {[%emt 0:00:00]} 36. c6 {[%emt 0:00:03]} Rxb2 {[%emt 0:00:23]} 37. Qg4+ {[%emt 0:00:26]} Kf7 {[%emt 0:00:10]} 38. c7 {[%emt 0:00:02]} f5 {[%emt 0:00:01]} 39. Qxd4 {[%emt 0:00:15]} exd4 {[%emt 0:00:03]} 40. c8=Q {[%emt 0:00:01]} Kf6 {[%emt 0:00:23]} 41. b4 {[%emt 0:00:24]} Ke5 {[%emt 0:00:14]} 42. Qc5+ {[%emt 0:00:30]} Ke4 {[%emt 0:00:06]} 43. Qc4 {[%emt 0:00:05]} f4 {[%emt 0:00:14]} 44. Qe6+ {[%emt 0:00:18]} Kd3 {[%emt 0:00:06]} 45. Qf5+ {[%emt 0:00:03]} Kc3 {[%emt 0:00:11]} 46. Qxf4 {[%emt 0:00:05]} Rxb4 {[%emt 0:00:02]} 47. Qc1+ {[%emt 0:00:11]} Kd3 {[%emt 0:00:25]} 48. Qd1+ {[%emt 0:00:13]} Kc3 {[%emt 0:00:04]} 49. Qc1+ {[%emt 0:00:11]} Kd3 {[%emt 0:00:02]} 50. Kg3 {[%emt 0:00:02]} Rc4 {[%emt 0:00:22]} 51. Qd1+ {[%emt 0:00:08]} Kc3 {[%emt 0:00:03]} 52. Kf3 {[%emt 0:00:06]} Rc5 {[%emt 0:00:38]} 53. Ke4 {[%emt 0:00:11]} Rc4 {[%emt 0:00:06]} 54. Qd3+ {[%emt 0:00:10]} Kb4 {[%emt 0:00:01]} 55. Kd5 {[%emt 0:00:05]} Rc7 {[%emt 0:00:22]} 56. Qxd4+ {[%emt 0:00:07]} Kb5 {[%emt 0:00:01]} 57. Qb2+ {[%emt 0:00:09]} Ka6 {[%emt 0:00:01]} 58. Kd6 {[%emt 0:00:10]} Rb7 {[%emt 0:00:15]} 59. Qa1+ {[%emt 0:00:09]} Kb5 {[%emt 0:00:09]} 60. Qb1+ {[%emt 0:00:03]} Ka6 {[%emt 0:00:01]} 61. Qxh7 {[%emt 0:00:13]} g6 {[%emt 0:00:01]} 62. Qxb7+ {[%emt 0:00:04]} 1-0

[Event "RUS-chT Rapid Men 2018"]
[Site "Sochi"]
[Date "2018.10.09"]
[Round "7"]
[White "Popov, Maksim M."]
[Black "Ivlev, Aleksey"]
[Result "0-1"]
[WhiteElo "2219"]
[BlackElo "2326"]
[Annotator "NA"]
[PlyCount "76"]
[EventDate "2018.10.05"]
[EventType "swiss"]
[EventCountry "RUS"]
[SourceTitle "playchess.com"]
[Source "ChessBase"]
[SourceQuality "1"]
[TimeControl "900+10"]

1. e4 {[%emt 0:00:00]} e5 {[%emt 0:00:00]} 2. Nf3 {[%emt 0:00:00]} Nc6 {[%emt 0:00:00]} 3. Bb5 {[%emt 0:00:00]} a6 {[%emt 0:00:00]} 4. Ba4 {[%emt 0:00:00]} Nf6 {[%emt 0:00:00]} 5. O-O {[%emt 0:00:00]} Be7 {[%emt 0:00:00]} 6. Re1 {[%emt 0:00:00]} b5 {[%emt 0:00:00]} 7. Bb3 {[%emt 0:00:00]} O-O {[%emt 0:00:00]} 8. c3 {[%emt 0:00:04]} d5 {[%emt 0:00:00]} 9. exd5 {[%emt 0:00:23]} Nxd5 {[%emt 0:00:02]} 10. Nxe5 {[%emt 0:00:24]} Nxe5 {[%emt 0:00:02]} 11. Rxe5 {[%emt 0:00:01]} c6 {[%emt 0:00:00]} 12. d3 {[%emt 0:00:31]} Bd6 {[%emt 0:00:03]} 13. Re1 {[%emt 0:00:24]} Qh4 {[%emt 0:00:03]} 14. g3 {[%emt 0:00:06]} Qh3 {[%emt 0:00:01]} 15. Re4 {[%emt 0:00:30]} Qf5 {[%emt 0:00:13]} 16. Nd2 {[%emt 0:03:59]} Qg6 {[%emt 0:00:05]} 17. Nf3 {[%emt 0:01:05]} f5 {[%emt 0:01:33]} 18. Rd4 {[%emt 0:02:42]} Kh8 {[%emt 0:00:06]} 19. Bxd5 {[%emt 0:00:52]} cxd5 {[%emt 0:00:03]} 20. Nh4 {[%emt 0:01:16]} Qf7 {[%emt 0:00:38]} 21. Ng2 {[%emt 0:00:27]} Bb7 {[%emt 0:00:27]} 22. a4 {[%emt 0:00:23]} Be5 {[%emt 0:00:44]} 23. Rh4 {[%emt 0:01:13]} d4 {[%emt 0:00:10]} 24. Qh5 {[%emt 0:02:30]} Qxh5 {[%emt 0:00:02]} 25. Rxh5 {[%emt 0:00:01]} dxc3 {[%emt 0:00:03]} 26. bxc3 {[%emt 0:00:01]} Bxc3 {[%emt 0:00:04]} 27. Ra3 {[%emt 0:00:06]} b4 {[%emt 0:00:03]} 28. Ra2 {[%emt 0:00:15]} b3 {[%emt 0:00:07]} 29. Rb2 {[%emt 0:01:26]} Bxb2 {[%emt 0:00:15]} 30. Bxb2 {[%emt 0:00:00]} Bxg2 {[%emt 0:00:05]} 31. Kxg2 {[%emt 0:00:02]} Rac8 {[%emt 0:00:14]} 32. Rh4 {[%emt 0:00:29]} f4 {[%emt 0:00:07]} 33. Rg4 {[%emt 0:00:10]} Rf7 {[%emt 0:00:03]} 34. Rg5 {[%emt 0:00:01]} Rc2 {[%emt 0:00:23]} 35. Rd5 {[%emt 0:00:51]} h6 {[%emt 0:00:03]} 36. Be5 {[%emt 0:00:20]} fxg3 {[%emt 0:00:24]} 37. hxg3 {[%emt 0:00:03]} Rcxf2+ {[%emt 0:00:10]} 38. Kh3 {[%emt 0:00:01]} Rb7 {[%emt 0:00:10]} 0-1